Statistics for How many Avengers can you name?

Click here to take the quiz!

General Stats

  • This quiz has been taken 130 times
  • The average score is 9 of 15

Answer Stats

HintAnswer% Correct
"Genius, Billionaire, Playboy, Philanthropist"Iron Man
97%
"Spidey, Spider boy?"Spider-Man
96%
"The God of Hammers?"Thor
92%
The First AvengerCaptain America
90%
Russian SpyBlack Widow
85%
The strongest AvengerHulk
85%
Guy with arrowsHawkeye
83%
Mentally Unstable WitchScarlet Witch
59%
Bird CostumeFalcon
58%
Cat CostumeBlack Panther
39%
Unstopable, Air Force pilot, powersCaptain Marvel
34%
Sorcerer with a magical stoneDoctor Strange
34%
"WiEnEr SoLiDeR"Bucky Barnes
23%
Hawkeye's ShieldQuicksilver
18%
"Yes, thi.. ,this is Tony Stank."War Machine
17%

Score Distribution

Percentile by Number Answered

Percent of People with Each Score

Your Score History

You have not taken this quiz